La caricatura en Colombia a partir de la independencia / (Registro nro. 7116)
[ vista simple ]
| 000 -LEADER | |
|---|---|
| fixed length control field | 01354nam a22002297a 4500 |
| 003 - CONTROL NUMBER IDENTIFIER | |
| control field | OSt |
| 005 - DATE AND TIME OF LATEST TRANSACTION | |
| control field | 20210205154517.0 |
| 008 - FIXED-LENGTH DATA ELEMENTS--GENERAL INFORMATION | |
| fixed length control field | 210205s2009 ck ac||gr|||| 00| 0 spa d |
| 020 ## - INTERNATIONAL STANDARD BOOK NUMBER | |
| International Standard Book Number | 9789586642231 |
| 040 ## - CATALOGING SOURCE | |
| Original cataloging agency | CO-JMCR |
| Transcribing agency | CO-JMCR |
| 041 0# - LANGUAGE CODE | |
| Language code of text/sound track or separate title | spa |
| 082 04 - DEWEY DECIMAL CLASSIFICATION NUMBER | |
| Classification number | 741.5 / |
| Item number | B582c |
| Edition number | 23 |
| 110 2# - MAIN ENTRY--CORPORATE NAME | |
| Relator term | autor |
| Corporate name or jurisdiction name as entry element | Biblioteca Luis Ángel Arango |
| 9 (RLIN) | 13077 |
| 245 13 - TITLE STATEMENT | |
| Title | La caricatura en Colombia a partir de la independencia / |
| Statement of responsibility, etc. | Biblioteca Luis Ángel Arango, Casa Republica |
| 260 ## - PUBLICATION, DISTRIBUTION, ETC. | |
| Place of publication, distribution, etc. | Bogotá : |
| Name of publisher, distributor, etc. | Banco de la Republica, |
| Date of publication, distribution, etc. | 2009 |
| 300 ## - PHYSICAL DESCRIPTION | |
| Extent | 265 páginas : |
| Other physical details | ilustraciones, retratos a color ; |
| Dimensions | 28 cm. |
| 505 0# - FORMATTED CONTENTS NOTE | |
| Formatted contents note | ¿Qué es la caricatura?. -- Señales de caricatura en Colombia. -- La risa y lo diabólico : antecedentes de la caricatura en Colombia. -- El general trabuco y la litografía. -- La caricatura social : moda y transgresiones. La caricatura social después de la Independencia. -- El intervencionismo y las revistas de humor. -- El fenómeno Ricardo Rendón. -- Los descendientes de Rendón. --<br/>El boom del dibujo de humor. -- Jaime Garzón un impertinente de leyenda. -- ¡Dios salve a este mundo! |
| 650 24 - SUBJECT ADDED ENTRY--TOPICAL TERM | |
| Topical term or geographic name entry element | Caricaturas Colombianas |
| General subdivision | Exposiciones |
| 9 (RLIN) | 13078 |
| 650 24 - SUBJECT ADDED ENTRY--TOPICAL TERM | |
| Topical term or geographic name entry element | Dibujos Colombianos |
| General subdivision | Exposiciones |
| Form subdivision | Catálogos |
| 9 (RLIN) | 13079 |
| 650 24 - SUBJECT ADDED ENTRY--TOPICAL TERM | |
| Topical term or geographic name entry element | Catálogos |
| General subdivision | Caricaturas Colombianas |
| -- | Historia |
| Form subdivision | Exposiciones |
| -- | Catálogos |
| 9 (RLIN) | 13080 |
| 942 ## - ADDED ENTRY ELEMENTS (KOHA) | |
| Source of classification or shelving scheme | Dewey Decimal Classification |
| Koha item type | Books |
| Withdrawn status | Lost status | Source of classification or shelving scheme | Damaged status | Not for loan | Home library | Current library | Shelving location | Date acquired | Source of acquisition | Total Checkouts | Full call number | Barcode | Date last seen | Date last checked out | Copy number | Price effective from | Koha item type |
|---|---|---|---|---|---|---|---|---|---|---|---|---|---|---|---|---|---|
| Dewey Decimal Classification | Biblioteca Pública José María del Castillo y Rada | Biblioteca Pública José María del Castillo y Rada | General Stacks | 10/02/2020 | Donación | 3 | 741.5 / B582c | 201810490 | 04/15/2026 | 04/15/2026 | Ej.1 | 10/02/2020 | Books |